| 000 | 00000nam##2200000za#4500 |
| 001 | 9.662020 |
| 003 | CaOODSP |
| 005 | 20210615120334 |
| 007 | ta |
| 008 | 150407|2000||||xxc||||| f|0| 0 fre|d |
| 020 | |a0-662-65103-0 |
| 040 | |aCaOODSP|bfre |
| 041 | |aeng |
| 041 | |afre |
| 043 | |an-cn--- |
| 086 | 1 |aSW21-57/2000 |
| 110 | 1 |aCanada. |bCondition féminine Canada. |
| 245 | 10|aLes canadiennes initiatrices de changements! : |bJournée internationale de la femme--8 mars 2000 |
| 260 | |aOttawa - Ontario : |bCondition féminine Canada |c2000. |
| 300 | |aTexte français, 19p. ; |c28 cm. |
| 546 | |aBilingue |
| 563 | |aCouverture souple |
| 590 | |a00-29|b2000-07-21 |
| 691 | 07|aCondition de la femme|2gcpds |
| 691 | 07|aMouvement social|2gcpds |
| 691 | 07|aFemme|2gcpds |
| 776 | 0#|tLes Canadiennes initiatrices de changements! : |w(CaOODSP)9.642027 |
| 776 | 0#|tCanadian women taking action to make a difference! : |w(CaOODSP)9.698030 |
| 791 | |tCanadian women taking action to make a difference! : |eeng|w(CaOODSP)9.662019 |